Bret Hart's WrestleMania Opponents - Statistics

General Stats
  • This quiz has been taken 139 times
  • The average score is 10 of 17
Answer Stats
WrestleMania Opponent % Correct
WrestleMania XII Shawn Michaels
95%
WrestleMania 13 Stone Cold Steve Austin
94%
WrestleMania IX Yokozuna
94%
WrestleMania X Yokozuna
94%
WrestleMania X Owen Hart
88%
WrestleMania XXVI Vince McMahon
79%
WrestleMania VIII Rowdy Roddy Piper
62%
WrestleMania III* The British Bulldog
61%
WrestleMania XI Bob Backlund
49%
WrestleMania III* Dynamite Kid
42%
WrestleMania VII* Brian Knobbs
37%
WrestleMania VII* Jerry Sags
37%
WrestleMania V* Honky Tonk Man
30%
WrestleMania III* Tito Santana
30%
WrestleMania VI* Nikolai Volkoff
28%
WrestleMania V* Greg "The Hammer" Valentine
26%
WrestleMania VI* Boris Zhukov
21%
No matching quizzes found
Score Distribution
Percent of People with Each Score
Percentile by Number Answered
Your Score History
You have not taken this quiz